Ojos de perro azul / (Registro nro. 11380)
[ vista simple ]
| 000 -CABECERA | |
|---|---|
| Longitud fija campo de control | 01250nam a2200301 a 4500 |
| 003 - • IDENTIFICADOR DELl NÚMERO DE CONTROL | |
| Identificador del número de control | CO-ViMGA |
| 005 - • FECHA Y HORA DE LA ÚLTIMA TRANSACCIÓN | |
| Fecha y hora de la última transacción | 20230915224413.0 |
| 008 - • CÓDIGOS DE INFORMACIÓN DE LONGITUD FIJA | |
| Códigos de información de longitud fija | 150415s2014 ck gr 00010 spa d |
| 020 ## - • NÚMERO INTERNACIONAL NORMALIZADO PARA LIBROS | |
| Número Internacional Normalizado para Libros (ISBN) | 9789585863750 |
| 040 ## - FUENTE DE LA CATALOGACIÓN | |
| Centro catalogador de origen | CO-ViMGA |
| Lengua de catalogación | spa |
| Centro transcriptor | CO-ViMGA |
| 043 ## - CÓDIGO DE ÁREA GEOGRÁFICA | |
| Código de área geográfica | s-ck--- |
| 082 04 - • NÚMERO DE LA CLASIFICACIÓN DECIMAL DEWEY | |
| Número de clasificación (R) | Co863.6 |
| Número del ítem | G17o46 |
| 100 1# - • PUNTO DE ACCESO PRINCIPAL-NOMBRE DE PERSONA | |
| Nombre de persona | García Márquez, Gabriel, |
| Fechas asociadas al nombre | 1927-2014. |
| 240 10 - • TÍTULO UNIFORME | |
| Título uniforme | <a href="Magdalena-Bibliografía regional">Magdalena-Bibliografía regional</a> |
| 245 00 - • TITULO PROPIAMENTE DICHO | |
| Título | Ojos de perro azul / |
| Mención de responsabilidad, etc. | Gabriel García Márquez. |
| 300 ## - • DESCRIPCIÓN FÍSICA | |
| Extensión | 154 páginas ; |
| Dimensiones | 23 cm. |
| 490 1# - • MENCIÓN DE SERIE | |
| Mención de serie | Literatura Random House |
| 505 0# - • NOTA DE CONTENIDO CON FORMATO | |
| Nota de contenido con formato | La tercera resignación ; La otra costilla de la muerte ; Eva está dentro de su gato ; Amargura para tres sonámbulos ; Diálogo del espejo ; La mujer que llegaba a las seis ; Nabo, el negro que hizo esperar a los ángeles ; Alguien desordena estas rosas ; La noche de los alcaravanes ; Monólogo de Isabel viendo llover en Macondo. |
| 586 ## - • NOTA DE PREMIOS | |
| Nota de premios | Premio Nobel de Literatura |
| 650 #4 - • PUNTO DE ACCESO ADICIONAL DE MATERIA - TÉRMINO DE MATERIA | |
| Término de materia o nombre geográfico como elemento inicial | Cuentos colombianos. |
| 650 #4 - • PUNTO DE ACCESO ADICIONAL DE MATERIA - TÉRMINO DE MATERIA | |
| Término de materia o nombre geográfico como elemento inicial | Gatos |
| Subdivisión de forma | Cuentos. |
| 650 #4 - • PUNTO DE ACCESO ADICIONAL DE MATERIA - TÉRMINO DE MATERIA | |
| Término de materia o nombre geográfico como elemento inicial | Lluvia |
| Subdivisión de forma | Cuentos. |
| 650 #4 - • PUNTO DE ACCESO ADICIONAL DE MATERIA - TÉRMINO DE MATERIA | |
| Término de materia o nombre geográfico como elemento inicial | Mujeres |
| Subdivisión de forma | Cuentos. |
| 650 #4 - • PUNTO DE ACCESO ADICIONAL DE MATERIA - TÉRMINO DE MATERIA | |
| Término de materia o nombre geográfico como elemento inicial | Perros |
| Subdivisión de forma | Cuentos. |
| 942 ## - ENTRADA DE ELEMENTOS AGREGADOS (KOHA) | |
| Fuente de clasificaión o esquema | Dewey Decimal Classification |
| Koha [por defecto] tipo de item | LIbro |
No hay ítems disponibles.